00753 a2200193 4500010001400000020002300014035001300037037001800050082001200068090001500080100003200095245006300127260004400190270011700234300003000351942002700381999001500408952013600423 aENG-85353 c495.00a817658035X aEN-68886 bD.B.Act / Pub14a551.442 c2123d21231 aManral, Harsh Vardhan Singh1 aHow colourful was my vallycby Harsh Vardhan Singh Manral aNew DelhibUppal Publishing Housec2006 a3, Ansari Road, Darya GanjbNew Delhik011-23273756, 011-23286571e110 002l91-011-23286571muppalbooks@vsnl.net avii, 224 p.c22 cm (Pbk.) adplcENk551.442 / MAN c2085d2085 00102ddc40718NFICaDBADbDBADeDBAD/PUBg495.00l0o551.442 MANpEN-68886r2008-09-15 00:00:00t1u2203v495.00w2008-09-15yEN